| Tag |
First Indicator |
Second Indicator |
Subfields |
| LEADER |
00000cam a2200000Ia 4500 |
| 001 |
in00002005021 |
| 005 |
20151031123457.0 |
| 008 |
870522e198703 maua bt 000 0 eng d |
| 035 |
|
|
|a (OCoLC)ocm15724239
|
| 040 |
|
|
|a RIN
|c RIN
|d OCLCQ
|d TXA
|d UtOrBLW
|
| 049 |
|
|
|a TXAM
|
| 090 |
|
|
|a GC1
|b .W582 no. 87-8
|
| 100 |
1 |
|
|a Berteaux, Henri O.
|
| 245 |
1 |
0 |
|a Deep sea moorings fishbite handbook /
|c by H.O. Berteaux and Bryce Prindle.
|
| 264 |
|
1 |
|a Woods Hole, Mass. :
|b Woods Hole Oceanographic Institution,
|c 1987.
|
| 300 |
|
|
|a 180 pages :
|b illustrations ;
|c 28 cm.
|
| 336 |
|
|
|a text
|b txt
|2 rdacontent
|
| 337 |
|
|
|a unmediated
|b n
|2 rdamedia
|
| 338 |
|
|
|a volume
|b nc
|2 rdacarrier
|
| 490 |
1 |
|
|a Woods Hole Oceanographic Institution ;
|v WHOI-87-8
|
| 500 |
|
|
|a "March 1987."
|
| 504 |
|
|
|a References : pages 177-180.
|
| 536 |
|
|
|a Prepared for the Office of Naval Research.
|b Contract No. N00014-84-C-0134, NR 083-400.
|
| 650 |
|
0 |
|a Deep-sea moorings.
|
| 700 |
1 |
|
|a Prindle, Bryce.
|
| 710 |
2 |
|
|a Woods Hole Oceanographic Institution.
|
| 740 |
0 |
|
|a Fishbite handbook.
|
| 830 |
|
0 |
|a Woods Hole Oceanographic Institution (Series) ;
|v no. 87-8.
|
| 994 |
|
|
|a E0
|b TXA
|
| 999 |
|
|
|a MARS
|
| 999 |
f |
f |
|s 61e407b5-ee1c-39f6-96e3-d0aa64502107
|i 99561cb8-78ff-36f9-ac4a-52c228261df5
|t 0
|
| 952 |
f |
f |
|p ric
|a Texas A&M University
|b Rellis Campus
|c Joint Library Facility
|d Remote Storage
|t 0
|e GC1 .W582 no.87-8
|h Library of Congress classification
|i unmediated -- volume
|m A14832262813
|
| 998 |
f |
f |
|a GC1 .W582 no.87-8
|t 0
|l Remote Storage
|